Making the best of your brain : (Record no. 40302)

MARC details
000 -LEADER
fixed length control field 00701nam a22001937a 4500
005 - DATE AND TIME OF LATEST TRANSACTION
control field 20100809121349.0
010 ## - LCCN (DPL NO)
LC control number ENG-99031
020 ## - INTERNATIONAL STANDARD BOOK NUMBER
International Standard Book Number 9788179662656
Terms of availability 100.00
035 ## - SYSTEM CONTROL NUMBER
System control number EN-82563
037 ## - SOURCE OF ACQUISITION
Source of stock number/acquisition DBAD/PUB
082 ## - DEWEY DECIMAL CLASSIFICATION NUMBER
Classification number 793.74
100 ## - MAIN ENTRY--PERSONAL NAME
Personal name Lee, IIchi
245 ## - TITLE STATEMENT
Title Making the best of your brain :
Remainder of title a practical approach /
Statement of responsibility, etc by Iichi Lee
260 ## - PUBLICATION, DISTRIBUTION, ETC. (IMPRINT)
Place of publication, distribution, etc Chennai
Name of publisher, distributor, etc Emerald Publishers
Date of publication, distribution, etc 2010
270 ## - ADDRESS
Address 15A, First Floor, Casa Nagar Road Egmore
City Chennai
Postal code 600008
300 ## - PHYSICAL DESCRIPTION
Extent 98p.
Dimensions 21cm (pbk)
942 ## - ADDED ENTRY ELEMENTS (KOHA)
Source of classification or shelving scheme Dewey Decimal Classification
Item type English Books
Classification part 793.74
Call number suffix LEE
Holdings
Withdrawn status Lost status Not for loan Collection code Home library Current library Date acquired Source of acquisition Cost, normal purchase price Full call number Barcode Copy number Cost, replacement price Koha item type
    Not For Loan Non-fiction D.B.Act.Division D.B.Act.Division 09/08/2010 DBAD/PUB 100.00 793.74 LEE EN-82563 1 100.00 English Books

© Delhi Public Library
Hit Counter
free hit counter